000 00261nam a2200097Ia 4500
001 692973
005 20250826161905.0
008 250824s9999 xx 000 0 und d
245 0 _aFİKRİMİN İNCE GÜLÜ/A.AĞAOĞLU/EVEREST
_cADALET AĞAOĞLU
260 _bEVEREST
999 _c692973
_d692973